| 000 | 01054cad a22001935a 4500 | ||
|---|---|---|---|
| 001 | L152002 | ||
| 008 | 110120s2010 xxk f 000 0 eng d | ||
| 035 | _a(Sirsi) u152002 | ||
| 041 | 0 | _aeng | |
| 110 | 2 |
_aKPMG International _95143 |
|
| 245 | 0 | 0 |
_aAdapting to an uncertain environment _bglobal construction survey 2010 _h[electronic resource] |
| 260 |
_a[S.l.] _bKPMG _c2010 |
||
| 520 | _aThe survey finds that many engineering and construction companies have a reasonably optimistic outlook for their immediate prospects; looks at key issues that the industry is facing; how construction companies are adapting to the new opportunites identified by the survey; 140 construction company executives from around the world were interviewed for this survey. | ||
| 590 | _aKA NTK | ||
| 651 | 4 | _aInternational | |
| 690 | _aBUILT ENVIRONMENT-CONSTRUCTION MARKET | ||
| 856 | 4 | 0 |
_uhttps://www.kpmg.com/US/en/IssuesAndInsights/ArticlesPublications/Documents/kpmg-global-construction-survey-2010.pdf _zView this item free of charge at www.kpmg.com |
| 942 | _n0 | ||
| 999 |
_c111789 _d111789 |
||